000
00314nam a22001457a 4500
008
221010b ||||| |||| 00| 0 eng d
020
_a
0723670528
041
_a
eng
080
_a
610.73
082
_a
610.73 HAM
100
_a
9
101
_a
INF
245
_a
PRIMARY CARE CERIATRICS
_c
HAM R
942
_2
udc
_c
BK
999
_c
58430
_d
58430